000 00287nam a2200121Ia 4500
008 160319s9999 xx 000 0 und d
020 _a9716982100
050 _bR627n 2005
245 _aNoli Me Tangere /
260 _bVicente Pub. House Inc.
260 _c2005
300 _a441 pages :
999 _c292326
_d292326